|
|
|
|
| LEADER |
01176nam a2200301 i 4500 |
| 001 |
28922 |
| 003 |
BD-DhAAL |
| 005 |
20150227101106.0 |
| 008 |
150227s1979 nyu b 000 0 eng |
| 010 |
|
|
|a 79001850
|
| 020 |
|
|
|a 0151739153
|
| 040 |
|
|
|a DLC
|c DLC
|d DLC
|d BD-DhAAL
|
| 050 |
0 |
0 |
|a PN511
|b .T77 1979
|
| 082 |
0 |
0 |
|a 809
|
| 100 |
1 |
|
|a Trilling, Lionel,
|d 1905-1975.
|9 8816
|
| 245 |
1 |
0 |
|a Prefaces to the experience of literature /
|c Lionel Trilling.
|
| 250 |
|
|
|a Uniform ed., 1st ed.
|
| 260 |
|
|
|a New York :
|b Harcourt Brace Jovanovich,
|c c1979.
|
| 300 |
|
|
|a 302 p. ;
|c 21 cm.
|
| 490 |
1 |
|
|a The Works of Lionel Trilling
|
| 504 |
|
|
|a Includes bibliographical references.
|
| 541 |
|
|
|e 28922
|
| 650 |
|
0 |
|a Literature
|x History and criticism.
|9 8817
|
| 700 |
1 |
2 |
|a Trilling, Lionel,
|d 1905-1975,
|e comp.
|t Experience of literature. 1979.
|9 8818
|
| 800 |
1 |
|
|a Trilling, Lionel,
|d 1905-1975.
|t Works. 1977.
|9 8819
|
| 942 |
|
|
|2 ddc
|c BK
|
| 999 |
|
|
|c 33804
|d 33804
|
| 952 |
|
|
|0 0
|1 0
|2 ddc
|4 0
|6 809_000000000000000_TRI
|7 0
|9 52785
|a BRACUL
|b BRACUL
|c GEN
|d 2015-02-27
|e BRAC Institute of Language (BIL)
|l 0
|o 809 TRI
|p 3010028922
|r 2015-02-27
|t 1
|w 2015-02-27
|y BK
|x Transferred from BIL to BRACUL on 06/06/22
|